Statistics for Lay All Your Love on Me - ABBA (All Lyrics)

Click here to take the quiz!

General Stats

  • This quiz has been taken 2,295 times
  • The average score is 179 of 232

Answer Stats

Answer% Correct
A
99%
a
99%
me
99%
me.
99%
all
98%
Lay
98%
love
98%
on
98%
you
98%
you.
98%
your
98%
do?
96%
I
96%
was
96%
don't
95%
Don't
95%
go
94%
emotion.
92%
wasting
90%
is
87%
now
84%
Now
84%
we
84%
every
83%
it
82%
It
82%
And
81%
and
81%
see
80%
before
79%
met.
79%
wasn't
77%
threat.
76%
my
75%
potential
75%
jealous
74%
of
74%
But
72%
everything
72%
woman
72%
isn't
71%
true.
70%
devotion.
69%
new.
69%
only
69%
that
69%
what
68%
What
68%
sharing
67%
smoking
67%
so
67%
I've
66%
beg
65%
vice.
65%
know
64%
like
62%
little
62%
nice.
62%
the
62%
You've
62%
you've
62%
baby
61%
done
61%
to
61%
duck.
60%
never
60%
shooting
60%
easily.
59%
has
59%
sitting
59%
overturned.
58%
fall
57%
I'm
57%
learned
57%
should
57%
have
56%
stuck.
56%
smile
55%
with
55%
heard
54%
saying
54%
small
54%
talk,
53%
When
53%
still
52%
can
51%
feel
51%
had
50%
grown-up
49%
near.
49%
dear.
45%
think
45%
fear.
44%
kind
44%
possessive,
44%
They
44%
affairs.
43%
few
42%
pride.
42%
didn't
39%
long
39%
last
38%
very
38%
used
37%
more
34%
skip
34%
Unsatisfied,
34%
been
33%
even
33%
truth
33%
pretty
32%
sensible.
32%
makes
31%
incomprehensible.
30%
scarce.
30%
they've
28%
'Cause
22%

Score Distribution

Percentile by Number Answered

Percent of People with Each Score

Your Score History

You have not taken this quiz